Cyclisme: Top 30 du Tour d'Espagne / de la Vuelta 2023 - Statistiques

Statistiques générales
  • Ce quiz a été pris 251 fois
  • Le résultat moyen est 17 sur 30
Statistiques - réponses
Pos Équipe Coureur % Correct
2ème Jumbo-Visma Jonas Vingegaard
99%
3ème Jumbo-Visma Primoz Roglic
98%
1er Jumbo-Visma Sepp Kuss
98%
4ème UAE Team Emirates Juan Ayuso
89%
6ème Movistar Team Enric Mas
87%
5ème Bahrain Victorious Mikel Landa
84%
7ème BORA-hansgrohe Alexandr Vlasov
81%
9ème UAE Team Emirates Joao Almeida
81%
24ème Groupama-FDJ Lenny Martinez
78%
12ème Soudal Quick-Step Remco Evenepoel
77%
21ème Team DSM Romain Bardet
75%
11ème TotalEnergies Steff Cras
68%
13ème Team Arkéa-Samsic Cristian Rodriguez
59%
15ème Bahrain Victorious Wout Poels
58%
10ème Bahrain Victorious Santiago Buitrago
56%
14ème UAE Team Emirates Marc Soler
55%
19ème Bahrain Victorious Damiano Caruso
52%
25ème Jumbo-Visma Wilco Kelderman
50%
8ème BORA-hansgrohe Cian Uijtdebroeks
48%
17ème Lidl-Trek Juan Pedro Lopez
38%
20ème BORA-hansgrohe Emanuel Buchmann
37%
29ème Groupama-FDJ Rudy Molard
37%
22ème Jumbo-Visma Attila Valter
36%
16ème Movistar Team Einer Rubio
35%
30ème BORA-hansgrohe Lennard Kamna
35%
18ème Bahrain Victorious Antonio Tiberi
31%
23ème EF Education-EasyPost Hugh Carthy
30%
28ème Cofidis Remy Rochas
21%
27ème AG2R Citroën Team Nicolas Prodhomme
16%
26ème TotalEnergies Paul Ourselin
16%
Aucun quiz correspondant
Distribution des résultats
% des personnes avec chaque résultat
Percentile par nombre de réponses
Votre historique - résultats
Vous n’avez pas pris ce quiz